Dạy học theo chuẩn kiến thức, kĩ năng môn tin học lớp 12 Định hướng dạy học theo chuẩn kiến thức, kĩ năng. Thiết kế bài học theo chuẩn kiến thức, kĩ năng
Hướng dẫn tổ chức hoạt động dạy học các bài học trong sách giáo khoa tin học lớp 12 theo chuẩn kiến thức, kĩ năng và một số đề kiểm tra đánh giá kết quả học tập của học sinh
Na minha lista:
| Outros Autores: | , , , |
|---|---|
| Formato: | Livro |
| Idioma: | Vietnamese |
| Publicado em: |
H.
Đại học Sư phạm
2010
|
| Assuntos: | |
| Tags: |
Adicionar Tag
Sem tags, seja o primeiro a adicionar uma tag!
|
| Thư viện lưu trữ: | Mạng thư viện Đại học Đà Nẵng |
|---|
| LEADER | 01916aam a22004338a 4500 | ||
|---|---|---|---|
| 001 | 000023093 | ||
| 003 | 19542 | ||
| 005 | 20150529150537.0 | ||
| 008 | 150527s2010 viesd | ||
| 020 | |c 39500đ |d 2000b | ||
| 041 | 0 | |a vie | |
| 082 | 1 | 4 | |2 14 |a 004.0712 |b Day |
| 245 | 0 | 0 | |a Dạy học theo chuẩn kiến thức, kĩ năng môn tin học lớp 12 |b Định hướng dạy học theo chuẩn kiến thức, kĩ năng. Thiết kế bài học theo chuẩn kiến thức, kĩ năng |c Hồ Sỹ Đàm (ch.b.) ; Hồ Cẩm Hà, Trần Đỗ Hùng... |
| 246 | |a Dạy học theo chuẩn kiến thức, kỹ năng môn tin học lớp 12 | ||
| 260 | |a H. |b Đại học Sư phạm |c 2010 | ||
| 300 | |a 198 tr. |b minh hoạ |c 24 cm. | ||
| 504 | |a Thư mục ở đầu sách | ||
| 520 | |a Hướng dẫn tổ chức hoạt động dạy học các bài học trong sách giáo khoa tin học lớp 12 theo chuẩn kiến thức, kĩ năng và một số đề kiểm tra đánh giá kết quả học tập của học sinh | ||
| 650 | 0 | 4 | |2 Bộ TK TVQG |a Tin học |x Dạy và học |
| 650 | 0 | 4 | |2 Bộ TK TVQG |a Tin học |x Giáo dục trung học |
| 650 | 7 | |2 Bộ TK TVQG | |
| 653 | |a Phương pháp giảng dạy | ||
| 653 | |a Tin học | ||
| 653 | |a Lớp 12 | ||
| 655 | 7 | |2 Bộ TK TVQG |a Sách giáo viên | |
| 700 | 1 | |a Hồ Cẩm Hà | |
| 700 | 1 | |a Hồ Sỹ Đàm |e ch.b | |
| 700 | 1 | |a Trần Đỗ Hùng | |
| 700 | 1 | |a Trần Doãn Vinh | |
| OWN | |a LSP | ||
| AVA | |a UDN50 |b LSP |d 004.0712 Day |e available |t Error 5001 Not defined in file expand_doc_bib_avail. |f 10 |g 0 |h N |i 0 |k 1 | ||
| 999 | |a From the UDN01 | ||
| AVA | |a UDN50 |b LSP |d 004.0712 Day |e available |t Error 5001 Not defined in file expand_doc_bib_avail. |f 10 |g 0 |h N |i 0 |k 1 | ||
| TYP | |a Monograph | ||
| TYP | |a Printed language | ||
| 980 | |a Mạng thư viện Đại học Đà Nẵng | ||